• 首页
  • 本馆介绍
  • 公告通知
  • 最新文献
  • 馆藏检索
  • 电子资源
  • 读者导购
  • 参考咨询
  • 我的图书馆
  • 登录
  • 详细信息显示
  • 放入我的书架
  • 预约/预借图书
  • 作者相关作品
  • 分类相关作品
  • 丛书相关作品
  • 出版社相关作品

书目信息

  • 表格格式
  • 工作单格式
  • 卡片格式
题名:
抓住机遇
    
 
作者: 威尔逊 , 克尔 著 ;胡毓源 译
分册:  
出版信息: 上海   上海译文出版社  1999
页数: 256页
开本: 20cm
丛书名: 海外企业家丛书
单 册:
中图分类: K837.125.38
科图分类:
主题词: 人物传记
电子资源:
ISBN: 7-5327-2275-9
000 00933nam0 2200265 45
001 0305190128
005 20031219104110.2
010    @a7-5327-2275-9@dCNY20.40
100    @a20030519d1999 km y0chiy0120 ea
101 0  @achi@ceng
105    @af z 000yy
200 1  @a抓住机遇@AZhua Zhu Ji Yu@e威尔逊和他的假日酒店@EWei Er Xun He Ta De Jia Ri Jiu Dian@f(美)凯蒙斯·威尔逊,罗伯特·克尔著@F(Mei)Kai Meng Si·Wei Er Xun,Luo Bo Te·Ke Er Zhu@g胡毓源译
210    @a上海@c上海译文出版社@d1999
215    @a256页@c照片@d20cm
225    @a海外企业家丛书
305    @a根据美国汉布尔顿-希尔出版公司1996年版译出.
410    @12001 @a海外企业家丛书
517    @a威尔逊和他的假日酒店@AWei Er Xun He Ta De Jia Ri Jiu Dian
606 0  @a人物传记
690    @aK837.125.38@v4
701  0 @a威尔逊@4著
701  0 @a克尔@4著
702  0 @a胡毓源@AHu Yu Yuan@4译
801    @aCN@bTSTC@c20030522
905    @b323498-500@dK837.125.38@e378WE@f3
    
    抓住机遇:威尔逊和他的假日酒店/(美)凯蒙斯·威尔逊,罗伯特·克尔著/胡毓源译.-上海:上海译文出版社,1999
    256页:照片;20cm.-(海外企业家丛书)
    
    
    ISBN 7-5327-2275-9:CNY20.40
    
●
相关链接 在E读中查询图书 在五车中查询图书 在当当中查询图书 在豆瓣中查询图书


正题名:抓住机遇     索取号:K837.125.38/378WE         预约/预借

序号 登录号 条形码 馆藏地/架位号 状态 备注
1 0323498   203234981   第二借阅区/ [索取号:K837.125.38/378WE] 在馆    
2 0323499   203234990   第二借阅区/ [索取号:K837.125.38/378WE] 在馆    
3 0323500   203235007   第二样本阅览室/ [索取号:K837.125.38/378WE] 在馆    
唐山师范学院图书馆 欢迎您!
大连网信软件有限公司© 版权所有